| 000 | 00855cam a22002531 4500 | ||
|---|---|---|---|
| 001 | 30972 | ||
| 003 | BD-RjUL | ||
| 005 | 20211209051638.0 | ||
| 008 | 140412s1960 ii a 000 0 eng | ||
| 035 | _a(BD-RjUL)31059 | ||
| 035 | _a(OCoLC)7181110 | ||
| 040 |
_aDLC _cOCl _dDLC _dBD-RjUL _beng |
||
| 041 | _aeng | ||
| 082 |
_a181.45 _bREM 1960 |
||
| 100 | 1 |
_aRele, V. G. _q(Vasant Gangaram) _994114 |
|
| 245 | 1 | 4 |
_aThe mysterious kundalini : _bthe physical basis of the "kundalini (hatha) yoga" in terms of western anatomy and physiology / _cV G Rele; Foreword by Sir John Woodroffe, kt. (Arthur Avalon) |
| 260 |
_aBombay, _bD.B. Taraporevala Sons _cc 1960. |
||
| 300 |
_axxvii, 92 p. : _billus. ; _c19 cm. |
||
| 504 | _aBibliography: p. 75. | ||
| 650 | 0 |
_aHatha yoga. _994115 |
|
| 942 |
_2ddc _cBK |
||
| 999 |
_c30972 _d30972 |
||